Ciudades de la Región Pokémon de Alola en el Mapa - Estadísticas

Estadísticas generales
  • Esta prueba ha sido intentada 225 veces
  • La puntuación promedio es 6 de 11
Respuestas en el mapa
Las respuestas están codificadas por una escala verde-roja en el mapa de la prueba según el % correcto abajo.
 
Estadísticas de respuestas
Respuesta % Correcto
Paraíso Æther
76%
Ciudad Hauoli
67%
Aldea Marina
64%
Liga Pokémon
63%
Pueblo Ohana
56%
Pueblo Po
56%
Ciudad Malíe
53%
Pueblo Lilii
51%
Ciudad Kantai
50%
Aldea Tapu
48%
Ciudad Konikoni
48%
No se encontraron pruebas coincidentes
Distribución de puntuación
Porcentaje de gente con cada puntuación
Porcentaje por número respondido
Historial de tus puntuaciones
No has intentado esta prueba.